Smashing Pumpkins A-Z - Statistics

General Stats
  • This quiz has been taken 102 times
    20 since last reset
  • The average score is 11 of 26
Answer Stats
Clue Answer % Correct
C City they hail from Chicago
94%
A Lead single from Adore Ava Adore
83%
L Fleetwood Mac cover Landslide
83%
D Founding bassist D'arcy Wretzky
78%
G Debut LP Gish
72%
M Track 9 on Siamese Dream Mayonaise
72%
V Producer of the first two albums Butch {Vig}
56%
H Track 4 on Siamese Dream Hummer
56%
Q Track 2 on Siamese Dream Quiet
56%
J Powerhouse drummer with jazz influences Jimmy Chamberlin
50%
I First track on the first album I Am One
44%
X Heavy song from Mellon Collie X.Y.U.
44%
N Mellon Collie-era B-side that is a Cure cover A {Night} Like This
39%
P 1998 single, its video a sequel to "1979" Perfect
39%
R Track 1 on Lull and Track 3 on the debut LP Rhinoceros
39%
O 2012 album Oceania
33%
S Epic 11-minute Pisces Iscariot track Starla
28%
Z 2007 comeback album Zeitgeist
28%
B James Iha track from Pisces Iscariot Blew Away
17%
E The soundtrack to Vieuphoria Earphoria
17%
F Mononymous producer of Mellon Collie Flood
17%
K Concept album that was only partly completed Teargarden by {Kaleidyscope}
11%
T Final single from Mellon Collie Thirty-Three
11%
W Track 11 from Machina Wound
11%
U 2001 farewell single Untitled
6%
Y Cars cover from The Aeroplane Flies High You're All I've Got Tonight
6%
No matching quizzes found
Score Distribution
Percent of People with Each Score
Percentile by Number Answered
Your Score History
You have not taken this quiz since the last reset